Goa entry tax manual / (Record no. 22496)

MARC details
000 -LEADER
fixed length control field 00949cam a22002415a 4500
005 - DATE AND TIME OF LATEST TRANSACTION
control field 20081020032651.0
008 - FIXED-LENGTH DATA ELEMENTS--GENERAL INFORMATION
fixed length control field 081003s2008 ii ab b 001 0 eng
010 ## - LCCN (DPL NO)
LC control number ENG-92635
020 ## - INTERNATIONAL STANDARD BOOK NUMBER
Terms of availability 760.00
035 ## - SYSTEM CONTROL NUMBER
System control number EN-76168
037 ## - SOURCE OF ACQUISITION
Source of stock number/acquisition DBAD / PUB
040 ## - CATALOGING SOURCE
Original cataloging agency dpl
Language of cataloging English
082 ## - DEWEY DECIMAL CLASSIFICATION NUMBER
Classification number 343.5464055
100 ## - MAIN ENTRY--PERSONAL NAME
Personal name Verlekar, V.B. Prabhu
245 ## - TITLE STATEMENT
Title Goa entry tax manual /
Statement of responsibility, etc by V. B. Prabhu Verlekar
260 ## - PUBLICATION, DISTRIBUTION, ETC. (IMPRINT)
Place of publication, distribution, etc Goa
Name of publisher, distributor, etc Devki Publications
Date of publication, distribution, etc [200?]
270 ## - ADDRESS
Address 102, Govinda Building, M. Gandhi Road,
City Panjai-Goa
300 ## - PHYSICAL DESCRIPTION
Extent 285p.
Dimensions 24cm (Hb)
610 ## - SUBJECT ADDED ENTRY--CORPORATE NAME
Corporate name or jurisdiction name as entry element Goa (India).
Title of a work Goa Tax on Entry of Goods Act, 2000.
650 ## - SUBJECT ADDED ENTRY--TOPICAL TERM
Topical term or geographic name as entry element Taxation of articles of consumption
General subdivision Law and legislation
Geographic subdivision India
-- Goa.
942 ## - ADDED ENTRY ELEMENTS (KOHA)
Source of classification or shelving scheme Dewey Decimal Classification
Item type English Books
Call number suffix VER
Classification part 343.5464055
Holdings
Withdrawn status Lost status Source of classification or shelving scheme Damaged status Not for loan Collection code Home library Current library Date acquired Source of acquisition Cost, normal purchase price Total Checkouts Full call number Barcode Date last seen Copy number Cost, replacement price Koha item type
    Dewey Decimal Classification   Not For Loan Non-fiction D.B.Act.Division D.B.Act.Division 27/01/2009 DBAD / PUB 760.00   343.5464055 VER EN-76168 27/01/2009 1 760.00 English Books

© Delhi Public Library
Hit Counter
free hit counter